| 000 | 00407pab a2200145 454500 | ||
|---|---|---|---|
| 008 | 180718b1999 xxu||||| |||| 00| 0 eng d | ||
| 100 | _aVogel, Ulrich | ||
| 245 | _a37 million infected worldwide: combating HIV/AIDS must not be limited to the public health sector | ||
| 260 | _c1999 | ||
| 300 | _ap.12-14 | ||
| 362 | _aSep-Oct | ||
| 650 | _aAIDS | ||
| 773 | _aDevelopment and Cooperation | ||
| 909 | _a42555 | ||
| 999 |
_c42555 _d42555 |
||